MARC

LEADER 00000nam0a2200000 4500
001 376598
005 20231101052026.0
010 |a 5703501024 
020 |a RU  |b 89-70058 
035 |a (RuTPU)RU\TPU\retro\34038 
035 |a RU\TPU\book\229543 
090 |a 376598 
100 |a 20221223d1989 m y0rusy5003 ca 
101 0 |a rus 
102 |a RU 
105 |a a j 000zy 
200 1 |a Переходные процессы в линейных электрических цепях (АОС-программа)  |e учебное пособие  |f Л. С. Архангельская, В. Г. Болдырев, С. Н. Морозников  |g Московский авиационный институт (МАИ) 
210 |a Москва  |c Изд-во МАИ  |d 1989 
215 |a 48 с.  |c ил. 
610 1 |a линейные электрические цепи 
610 1 |a переходные процессы 
610 1 |a АОС 
610 1 |a автоматизированные обучающие системы 
610 1 |a составление 
610 1 |a расчет 
610 1 |a классический метод 
610 1 |a операторный метод 
610 1 |a схемы 
610 1 |a учебные пособия 
675 |a 621.3.018.782.3(075.8)  |v 3 
700 1 |a Архангельская  |b Л. С.  |g Лариса Сергеевна  |4 070 
701 1 |a Болдырев  |b В. Г.  |g Вячеслав Георгиевич 
701 1 |a Морозников  |b С. Н.  |g Сергей Николаевич 
712 0 2 |a Московский авиационный институт (МАИ)  |2 stltpush  |3 (RuTPU)RU\TPU\col\3642 
801 0 |a RU  |b RuMRKP  |c 19950417  |g psbo 
801 1 |a RU  |b 63413507  |c 20120220 
801 2 |a RU  |b 63413507  |c 20221223  |g RCR 
942 |c BK